Values clarification : (Record no. 201224)
[ view plain ]
| 000 -LEADER | |
|---|---|
| fixed length control field | 00837nam a2200241Ia 4500 |
| 003 - CONTROL NUMBER IDENTIFIER | |
| control field | OSt |
| 005 - DATE AND TIME OF LATEST TRANSACTION | |
| control field | 20240801094115.0 |
| 008 - FIXED-LENGTH DATA ELEMENTS--GENERAL INFORMATION | |
| fixed length control field | 210716s1972 xx 000 0 und d |
| 040 ## - CATALOGING SOURCE | |
| Transcribing agency | AIMIT LIBRARY |
| 041 ## - LANGUAGE CODE | |
| Language code of text/sound track or separate title | eng |
| 082 ## - DEWEY DECIMAL CLASSIFICATION NUMBER | |
| Classification number | 374.22 |
| Edition number | 1 |
| Item number | SIMS |
| 100 ## - MAIN ENTRY--PERSONAL NAME | |
| Personal name | Simon, Sidney B. |
| 9 (RLIN) | 174616 |
| 245 ## - TITLE STATEMENT | |
| Title | Values clarification : |
| Remainder of title | hand book of practical strategies for teachers and students / |
| Statement of responsibility, etc. | By Sidney B Simon, Leland W Howe and Howard Kirschenbaum. |
| 250 ## - EDITION STATEMENT | |
| Edition statement | 1st ed. |
| 260 ## - PUBLICATION, DISTRIBUTION, ETC. | |
| Place of publication, distribution, etc. | New York : |
| Name of publisher, distributor, etc. | Hart publishing company Inc , |
| Date of publication, distribution, etc. | 1972. |
| 300 ## - PHYSICAL DESCRIPTION | |
| Extent | 397p. ; |
| Other physical details | PB |
| Dimensions | 21.3 cm |
| 650 ## - SUBJECT ADDED ENTRY--TOPICAL TERM | |
| Topical term or geographic name entry element | Twenty things you love to do |
| 9 (RLIN) | 174617 |
| 650 ## - SUBJECT ADDED ENTRY--TOPICAL TERM | |
| Topical term or geographic name entry element | Either-or forced choice |
| 9 (RLIN) | 174618 |
| 650 ## - SUBJECT ADDED ENTRY--TOPICAL TERM | |
| Topical term or geographic name entry element | Values geography |
| 9 (RLIN) | 174619 |
| 700 ## - ADDED ENTRY--PERSONAL NAME | |
| Personal name | Howe, Leland W. |
| 9 (RLIN) | 174620 |
| 700 ## - ADDED ENTRY--PERSONAL NAME | |
| Personal name | Kirschenbaum, Howard. |
| 9 (RLIN) | 174621 |
| 942 ## - ADDED ENTRY ELEMENTS (KOHA) | |
| Source of classification or shelving scheme | Dewey Decimal Classification |
| Koha item type | Book |
| Edition | 1st |
| Call number prefix | 374.22 SIMS |
| Withdrawn status | Lost status | Source of classification or shelving scheme | Damaged status | Not for loan | Collection code | Home library | Current library | Date acquired | Inventory number | Total Checkouts | Full call number | Barcode | Date last seen | Price effective from | Koha item type |
|---|---|---|---|---|---|---|---|---|---|---|---|---|---|---|---|
| Dewey Decimal Classification | MBA | St Aloysius Institute of Management & Information Technology | St Aloysius Institute of Management & Information Technology | 06/12/2006 | Bill no:; Bill dt:1900-01-00 | 374.22 SIMS | MBA03790 | 05/23/2026 | 07/16/2021 | Book |